| 000 | 03098cam a22006614i 4500 | ||
|---|---|---|---|
| 003 | PE-LiUPU | ||
| 005 | 20250731170436.0 | ||
| 008 | 150625s1988 mx a rb 001 0 spa d | ||
| 020 | _a9681820487 | ||
| 020 | _a9789681820480 | ||
| 035 | _a(Sirsi) a31950 | ||
| 040 |
_aPE-LiUPU _bspa _cPE-LiUPU _dPE-LiUPU _erda |
||
| 041 | 1 |
_aesp _heng |
|
| 049 | _aPRUA | ||
| 082 | 0 | 4 |
_a157.9 _bk41 |
| 100 | 1 |
_aKendall, Philip C., _eautor. |
|
| 245 | 1 | 0 |
_aPsicologia clinica : _bperpectivas científicas y profesionales/ _cPhilip C. Kendall, Julian D. Norton-Ford. |
| 250 | _aPrimera edición. | ||
| 264 | 1 |
_aMéxico : _bLimusa, _c1988. |
|
| 300 |
_a800páginas : _bilustraciones ; _c23centímetros |
||
| 336 |
_atext _2rdacontent |
||
| 337 |
_aunmediated _2rdamedia |
||
| 338 |
_avolume _2rdacarrier |
||
| 504 | _aBibliografía: páginas 699-774. | ||
| 504 | _aÍndice: paginas 777-799. | ||
| 505 | 0 | _aCarácter e historia de la psicología clínica -- Preparación en psicología clínica -- Métodos de investigación -- Conceptualización del funcionamiento humano y de los medios sociales -- Enfoques de los trastornos psicológicos -- Evaluación: aspectos profesionales y científicos -- Evaluación del funcionamiento intelectual -- Evaluación de la personalidad -- Evaluación del funcionamiento neuropsicológico -- Evaluación conductual -- La intervención: aspectos profesionales y científicos -- Intervenciones con individuos: terapia psicoanalítica, centrada en el cliente, existencial, gestal y de emergencia -- Intervenciones con individuos: terapias conductual, cognoscitiva y cognoscitivo-conductual -- Intervenciones en grupo -- Intervenciones en el medio y en la comunidad. | |
| 526 | _aSEG68 | ||
| 526 | _aSEG70 | ||
| 526 | _aSEG69 | ||
| 526 | _aSEG67 | ||
| 526 | _aSEG43 | ||
| 526 | _aP144 | ||
| 526 | _aP143 | ||
| 526 | _aP131 | ||
| 526 | _aP122 | ||
| 526 | _aP120 | ||
| 526 | _aP117 | ||
| 526 | _aP112 | ||
| 526 | _aP110 | ||
| 526 | _aP106 | ||
| 526 | _aP101 | ||
| 526 | _aP80 | ||
| 526 | _aP59 | ||
| 526 | _aP54 | ||
| 526 | _aP35 | ||
| 526 | _aP33 | ||
| 526 | _aP30 | ||
| 534 |
_pTítulo original : _tClinical Psychology, Scientific and professional dimensions. |
||
| 700 | 1 |
_aNorton-Ford, Julian D., _eautor. |
|
| 942 |
_2ddc _cBOOK |
||
| 949 |
_a157.9 K41 _wDEWEY _c1 _i35514 _lCCODEBUL1 _mBUL _p00.00 _r0 _sY _tBOOK _u2015-06-25 _xBIBLIOTECA _zUNKNOWN _0COMPRA _o.STAFF. Colección General |
||
| 949 |
_a157.9 K41 _wDEWEY _c2 _i33970 _lCCODEBUL1 _mBUL _p00.00 _r0 _sY _tBOOK _u2015-06-25 _xBIBLIOTECA _zUNKNOWN _0COMPRA _o.STAFF. Colección Ciencias de la Salud |
||
| 596 | _a1 | ||
| 999 |
_a157.9 K41 _wDEWEY _c39555 _i35514 _d39555 _e2018-4-16 _f2019-12-10 _g4 _lDISCARD _mBUL _n8 _q5 _r0 _sY _tBOOK _u2015-6-25 _xSALUD _zUNKNOWN _0COMPRA _o.STAFF. Colección General |
||
| 999 |
_a157.9 K41 _wDEWEY _c2 _i33970 _d2022-7-7 _e2022-5-26 _f2021-11-3 _g6 _lCCODEBUL1 _mBUL _n4 _p50.00 _q12 _r0 _sY _tBOOK _u2015-6-25 _xSALUD _zUNKNOWN _0COMPRA _o.STAFF. Colección Ciencias de la Salud |
||
| 980 |
_81 _gALBERTO SANCHEZ Responsable de Automatización |
||